000 00627nam a2200241Ia 4500
003 OSt
005 20220918220539.0
006 a|||||r|||| 00| 0
007 ta
008 220917b |||||||| |||| 00| 0 eng d
024 _a146,371
037 _cTextual
040 _aARTS
_cARTS
_beng
041 _2eng
_aeng
082 _aYZwN10, L6
100 _aDoig Desmond
_9137760
245 0 _aMother Teresa
_b Her people and her work
260 _aLondon
_bCollins
_c1976
300 _a175p. illus
_ccm.
650 _aSOCIOLOGY
942 _hYZwN10, L6
_cTEXL
_2CC
999 _c269127
_d269127